| 000 | 00379 a2200169 4500 | ||
|---|---|---|---|
| 001 | 72945 | ||
| 020 | _a8573114053 | ||
| 040 | _cAnchieta - Colégio São Paulo | ||
| 100 | _aVeloso, Mabel | ||
| 240 | 1 | 0 |
_aCavalinho de pau _lpor |
| 245 | 1 | 0 | _aCavalinho de pau |
| 300 | _a[21p.] | ||
| 362 | 0 | _a1990 | |
| 440 | 1 | _aPaulinas | |
| 650 | 4 | _aLiteratura infanto-juvenil | |
| 942 | _cBK | ||
| 999 |
_c72945 _d72945 |
||